000 00418nam a2200169 a 4500
001 6475
003 CO-ViMGA
008 141112s2004 ck r 000 u spa d
040 _aCO-ViMGA
_bspa
_cCO-ViMGA
082 0 4 _aA861.44 B673m
100 1 _aBorges, Jorge Luis
_95281
245 1 0 _aLa moneda de hierro
260 _aBuenos Aires :
_bEmece,
_c1996
300 _a84 p
650 1 4 _aPOESIA ARGENTINA
942 _2ddc
_cBK
999 _c18445
_d18445